| 000 | 01120nam a2200217 a 4500 | ||
|---|---|---|---|
| 001 | 000411041 | ||
| 003 | AM-YeHGA | ||
| 005 | 20250617161533.0 | ||
| 008 | 050221s1889 ru r 000 0 rus d | ||
| 040 | _aAM-YeHGA | ||
| 041 | 0 |
_arus _aarm _ageo |
|
| 100 | 1 | _aЗелинский, Степан Павлович | |
| 245 | 1 | 0 |
_aОбъяснительный словарь татарских, грузинских и армянских слов, вошедших в материалы для изучения экономического быта государственных крестьян Закавказского края / _cСост. С.П.Зелинский. |
| 246 | 3 | _aСвод материалов по изучению экономического быта государственных крестьян Закавказского края. | |
| 260 |
_aТифлис : _bТип. Т.М.Ротинианца, _c1889. |
||
| 300 |
_aVIII, 165 с. ; _c27 см. |
||
| 650 | 1 | 4 | _aЯзыкознание |
| 650 | 1 | 4 | _aГрузинский язык |
| 650 | 1 | 4 | _aТатарский язык |
| 090 | _c476432 | ||
| 999 |
_c473167 _d473167 |
||